000 00668nam a2200217Ia 4500
003 GCL
008 140319s9999 xx 000 0 eng d
040 _aGCL /
_cGCL
082 0 4 _a363.96
_bG S
100 1 _aDINEKE KARFKER
245 1 0 _aSUPPORT TO POPULATION FP\IEC PROJECT'UNFPA EGY 194\PO1 FINALREPORT THE FP\ IEC BASELINE SURVEY IN UNDER SERVED VILLAGES /
_cDINEKE KARFKER
700 1 _aGAMAL EL NAHAS
700 1 _aSAMIR KHAMIS
260 _a[S.N] :
_bTHE NATIONAL POPULATION CAUNCIL ،
_c1997
300 _a88 P
650 0 4 _aPOPULATION
650 0 4 _aHUMAN POPULATION
650 0 4 _aPOPULATION GROWTH
650 0 4 _aEGYPT - POPULATION
942 _2ddc
_cBK
999 _c16173
_d16173